MARC details
| 000 -LEADER |
| campo de control de longitud fija |
02820nam a2200445 i 4500 |
| 001 - NÚMERO DE CONTROL |
| campo de control |
196073 |
| 003 - IDENTIFICADOR DE NÚMERO DE CONTROL |
| campo de control |
ES-MaACL |
| 005 - FECHA Y HORA DE LA ÚLTIMA TRANSACCIÓN |
| campo de control |
20250430063001.0 |
| 008 - DATOS DE LONGITUD FIJA--INFORMACIÓN GENERAL |
| campo de control de longitud fija |
240811s2012 sp a | |||| 001 0 spa |
| 015 ## - NÚMERO DE BIBLIOGRAFÍA NACIONAL |
| Número de bibliografía nacional |
MON12 |
| 017 ## - NÚMERO DE COPYRIGHT O DE DEPÓSITO LEGAL |
| Número de copyright o de depósito legal |
NA 389-2012 |
| Agencia que asigna |
Oficina Depósito Legal Navarra |
| 020 ## - NÚMERO INTERNACIONAL ESTÁNDAR DEL LIBRO |
| Número Internacional Estándar del Libro |
9788477682257 |
| 035 ## - NÚMERO DE CONTROL DEL SISTEMA |
| Número de control de sistema |
(OCoLC)828275354 |
| 035 ## - NÚMERO DE CONTROL DEL SISTEMA |
| Número de control de sistema |
(SpMaBN)a5233348 |
| 035 ## - NÚMERO DE CONTROL DEL SISTEMA |
| Número de control de sistema |
991036547219708606 |
| 040 ## - FUENTE DE CATALOGACIÓN |
| Centro catalogador/agencia de origen |
SpMaBN |
| Lengua de catalogación |
spa |
| Centro/agencia transcriptor |
SpMaBN |
| Normas de descripción |
rdc |
| 080 ## - NÚMERO DE LA CLASIFICACIÓN DECIMAL UNIVERSAL |
| Número de la Clasificación Decimal Universal |
327(729.1:460)"18/19" |
| 080 ## - NÚMERO DE LA CLASIFICACIÓN DECIMAL UNIVERSAL |
| Número de la Clasificación Decimal Universal |
327(460:729.1)"18/19" |
| 080 ## - NÚMERO DE LA CLASIFICACIÓN DECIMAL UNIVERSAL |
| Número de la Clasificación Decimal Universal |
94(729.1)"1899/1902" |
| 080 ## - NÚMERO DE LA CLASIFICACIÓN DECIMAL UNIVERSAL |
| Número de la Clasificación Decimal Universal |
94(729.1)"1902/33" |
| 100 ## - ENTRADA PRINCIPAL--NOMBRE DE PERSONA |
| Nombre de persona |
Otero Abreu, Hilda, |
| Fechas asociadas al nombre |
1965- |
| 9 (RLIN) |
238086 |
| Término indicativo de función/relación |
Autor |
| 245 13 - MENCIÓN DEL TÍTULO |
| Título |
La diplomacia de los vencidos : |
| Resto del título |
Cuba y España, 1898-1931 / |
| Mención de responsabilidad, etc. |
Hilda Otero Abreu. |
| 260 ## - PUBLICACIÓN, DISTRIBUCIÓN, ETC. |
| Lugar de publicación, distribución, etc. |
[Pamplona] : |
| Nombre del editor, distribuidor, etc. |
Eunate, |
| Fecha de publicación, distribución, etc. |
D.L. 2012. |
| 300 ## - DESCRIPCIÓN FÍSICA |
| Extensión |
461 p. : |
| Otras características físicas |
il. col. ; |
| Dimensiones |
24 cm. |
| 336 ## - TIPO DE CONTENIDO |
| Término de tipo de contenido |
Texto (visual) |
| Fuente |
isbdcontent |
| 337 ## - TIPO DE MEDIO |
| Nombre/término del tipo de medio |
sin mediación |
| Fuente |
isbdmedia |
| 338 ## - TIPO DE SOPORTE |
| Fuente |
rdacarrier |
| Nombre/término del tipo de soporte |
volumen |
| 504 ## - NOTA DE BIBLIOGRAFÍA, ETC. |
| Nota de bibliografía, etc. |
Bibliografía: p. [425]-437. Índice |
| 520 ## - RESUMEN, ETC. |
| Sumario, etc. |
A pesar de haber transcurrido más de un siglo de la independencia de España, "la madre patria" ha seguido presente en el ideario popular cubano. A su vez, para los españoles Cuba es aún un "sentimiento" arraigado más allá de intereses políticos. Al estudiar la recomposición de los vínculos a nivel de Estado entre ambos territorios tras la independencia, se descubre otra historia de Cuba. Es la que intenta reflejar este texto. Una historia de encuentros y desencuentros entre dos naciones vencidas pero que aún se necesitaban.<br/><br/> La derrota española en el 98 marcó un hito político para los territorios involucrados en el conflicto. España sellaba la derrota ante la diplomacia norteamericana en los acuerdos de París, mientras los territorios segregados en la contienda colonial siguieron diferentes derroteros. Cuba permaneció bajo protectorado norteamericano hasta 1902, fecha en que las tropas norteamericanas abandonaron la isla. Este libro estudia las relaciones diplomáticas hispano cubanas tras la salida del ejercito español de Cuba en 1899, hasta el final de la dictadura de Primo de Rivera en 1931. |
| 651 #7 - PUNTO DE ACCESO ADICIONAL DE MATERIA--NOMBRE GEOGRÁFICO |
| Nombre geográfico |
Cuba- |
| Subdivisión general |
Relaciones- |
| Subdivisión geográfica |
España |
| 9 (RLIN) |
162519 |
| 651 #4 - PUNTO DE ACCESO ADICIONAL DE MATERIA--NOMBRE GEOGRÁFICO |
| Nombre geográfico |
España- |
| Subdivisión general |
Relaciones- |
| Subdivisión geográfica |
Cuba |
| Fuente del encabezamiento o término |
embne |
| 9 (RLIN) |
8460 |
| 651 #7 - PUNTO DE ACCESO ADICIONAL DE MATERIA--NOMBRE GEOGRÁFICO |
| Nombre geográfico |
Cuba- |
| Subdivisión general |
Historia- |
| Subdivisión cronológica |
1899-1902, Intervención norteamericana |
| 9 (RLIN) |
149193 |
| 651 #7 - PUNTO DE ACCESO ADICIONAL DE MATERIA--NOMBRE GEOGRÁFICO |
| Nombre geográfico |
Cuba- |
| Subdivisión general |
Historia- |
| Subdivisión cronológica |
1902-1933 |
| 9 (RLIN) |
155981 |
| 852 ## - LOCALIZACIÓN |
| Ubicación |
ES-MaACL |
| Sublocalización o colección |
R.153005 |
| Ubicación en estantería |
Depósito J |
| Número de control de estantería |
N-9200 |
| Anotaciones manuscritas |
Dedicatoria autógrafa de la autora |
| Donativo/Legado |
Donación: Hilda Otero Abreu |
| Encuadernación |
Encuadernación rústica con solapas |
| itemnumber |
205105 |
| 903 ## - NOMBRE PERSONAL DE DONANTE |
| 9 |
238086 |
| a |
Otero Abreu, Hilda, |
| d |
1965- |
| e |
Donante |
| 942 ## - ELEMENTOS DE ENTRADA SECUNDARIOS (KOHA) |
| Tipo de ítem Koha |
Libro impreso |
| Suprimir en OPAC |
No |